01196nam a2200253 a 450000100100000000500170001000800410002702000150006804000250008308200200010810000280012824500750015626000360023130000270026759000260029465000280032065000310034891000380037995201330041795201330055095201180068395201240080199900170092500001063020240412074220.0091008s1997 dr a r 000 0 spa d a8484002675 aDO-SdBNPbspacBNPHU aRD861.44bM722n1 aMolinaza, José92572010aNovilunio /cJosé Molinaza ; ilustraciones María Soledad Lockhart. aSanto Domingo :aTaller,c1997. a91 p. :bil. ;c28 cm. aInventariado, 2018/BT 0aPoesía dominicana966 0aLiteratura dominicana.967 aValidado. Control de calidad. MFF 001054708DSaGRbGRcHDd2009-10-08iLF1l0oRD861.44 M722np10630-30r2020-06-25te. 3w2020-06-25yLFDSZPréstamo en sala 001154708DSaGRbGRcMId2009-10-08iLF1l0oRD861.44 M722np10630-40r2020-06-25te. 4w2020-06-25yLFDSZPréstamo en sala 0010718PDaPDbPDcHDd2009-10-08iLF1l0oRD861.44 M722np10630-10r2020-06-25w2020-06-25yLFPDZNo se presta 0010718PDaPDbPDcHDd2009-10-08iLF1l0oRD861.44 M722np10630-20r2020-06-25te. 2w2020-06-25yLFPDZNo se presta c10388d10388